<?xml version="1.0" encoding="UTF-8"?>
<marc:record xmlns:marc="http://www.loc.gov/MARC21/slim">
   <marc:leader>00000nam a2200000 a 4500</marc:leader>
   <marc:datafield ind1="1" ind2=" " tag="100">
      <marc:subfield code="a">Orlovský, Sarah Michaela</marc:subfield>
      <marc:subfield code="4">aut</marc:subfield>
      <marc:subfield code="e">Verfasser/-in</marc:subfield>
   </marc:datafield>
   <marc:datafield ind1=" " ind2=" " tag="653">
      <marc:subfield code="a">Kinderbuch</marc:subfield>
   </marc:datafield>
   <marc:datafield ind1=" " ind2=" " tag="653">
      <marc:subfield code="a">Trauer</marc:subfield>
   </marc:datafield>
   <marc:datafield ind1=" " ind2=" " tag="653">
      <marc:subfield code="a">Familie</marc:subfield>
   </marc:datafield>
   <marc:datafield ind1=" " ind2=" " tag="653">
      <marc:subfield code="a">Schwester</marc:subfield>
   </marc:datafield>
   <marc:datafield ind1=" " ind2=" " tag="653">
      <marc:subfield code="a">Magersucht</marc:subfield>
   </marc:datafield>
   <marc:datafield ind1=" " ind2=" " tag="653">
      <marc:subfield code="a">Geschwisterbeziehung</marc:subfield>
   </marc:datafield>
   <marc:datafield ind1=" " ind2=" " tag="653">
      <marc:subfield code="a">Geschwister</marc:subfield>
   </marc:datafield>
   <marc:datafield ind1=" " ind2=" " tag="653">
      <marc:subfield code="a">Softcover / Kinder- und Jugendbücher/Kinderbücher</marc:subfield>
   </marc:datafield>
   <marc:datafield ind1=" " ind2=" " tag="653">
      <marc:subfield code="a">Kinderbücher bis 11 Jahre</marc:subfield>
   </marc:datafield>
   <marc:datafield ind1=" " ind2=" " tag="653">
      <marc:subfield code="a">Perfektion</marc:subfield>
   </marc:datafield>
   <marc:datafield ind1=" " ind2=" " tag="653">
      <marc:subfield code="a">Schwestern</marc:subfield>
   </marc:datafield>
   <marc:datafield ind1=" " ind2=" " tag="653">
      <marc:subfield code="a">Anorexia nervosa</marc:subfield>
   </marc:datafield>
   <marc:datafield ind1=" " ind2=" " tag="653">
      <marc:subfield code="a">Sehnsucht</marc:subfield>
   </marc:datafield>
   <marc:datafield ind1=" " ind2=" " tag="653">
      <marc:subfield code="a">Anorexia</marc:subfield>
   </marc:datafield>
   <marc:datafield ind1=" " ind2=" " tag="653">
      <marc:subfield code="a">Spielerisches Lernen: Sonstiges</marc:subfield>
   </marc:datafield>
   <marc:datafield ind1="0" ind2="0" tag="245">
      <marc:subfield code="a">Eine halbe Banane und die Ordnung der Welt</marc:subfield>
   </marc:datafield>
   <marc:datafield ind1="0" ind2="0" tag="245">
      <marc:subfield code="c">Sarah Michaela Orlovský</marc:subfield>
   </marc:datafield>
   <marc:datafield ind1=" " ind2="1" tag="264">
      <marc:subfield code="a">Innsbruck</marc:subfield>
      <marc:subfield code="b">Tyrolia-Verlag</marc:subfield>
      <marc:subfield code="c">2021</marc:subfield>
   </marc:datafield>
   <marc:datafield ind1="1" ind2=" " tag="520">
      <marc:subfield code="a">Angaben aus der Verlagsmeldung&lt;br/&gt;&lt;br/&gt;Eine halbe Banane und die Ordnung der Welt / von Sarah Michaela Orlovský&lt;br/&gt;&lt;br/&gt;Zwei Schwestern: Einst ein eingespieltes Team mit gemeinsamen Erlebnissen und Ideen, mit geteilten Geheimnissen und Wünschen. Bis etwas sie auseinandertreibt. Denn jetzt trennt sie die geschlossene Kinderzimmertür. Die große ist drinnen, die kleine draußen. Dazwischen ein Sehnen, eine Suche  nach Perfektion, Selbstkontrolle und Selbstbeherrschung: Magersucht.&lt;br/&gt;Behutsam und berührend zeigt Sarah Michaela Orlovský in kurzen, monologischen Abschnitten das unermüdliche Bemühen eines Mädchens, jenen Abgrund zu überbrücken, den diese Krankheit immer tiefer zwischen sie und ihrer älteren Schwester gräbt. Zeigt ihr Ringen um Verstehen, ihre Versuche, die Schwester wieder zu Lebensfreude und Frohsinn zu führen, zeigt aber auch Ratlosigkeit, Ohnmacht und Wut.&lt;br/&gt;Kinder- und Jugendbücher zum Thema Magersucht gibt es bereits einige, der oberösterreichischen Autorin gelingt aber ein ganz besonderer Kunstgriff: Indem sie nicht auf die Betroffene selbst, sondern auf eine sehr nahestehende Person fokussiert, wird auf eindrückliche Weise klar, was eine Krankheit dieser Intensität mit einem ganzen Gefüge wie einer Familie macht, gibt Einblicke auf vielen verschiedenen Ebenen und ermöglicht so Verständnis auf jeder Seite.&lt;br/&gt;&lt;br/&gt;Tipps:&lt;br/&gt;Thema Magersucht aus Sicht der jüngeren Schwester&lt;br/&gt;eine Krankheit, ihr Opfer und die ganze Umgebung</marc:subfield>
   </marc:datafield>
   <marc:datafield ind1=" " ind2=" " tag="020">
      <marc:subfield code="a">9783702239183</marc:subfield>
      <marc:subfield code="9">9783702239183</marc:subfield>
   </marc:datafield>
   <marc:datafield ind1=" " ind2=" " tag="041">
      <marc:subfield code="a">ger</marc:subfield>
   </marc:datafield>
   <marc:datafield ind1="1" ind2=" " tag="521">
      <marc:subfield code="a">0</marc:subfield>
   </marc:datafield>
   <marc:datafield ind1=" " ind2=" " tag="300">
      <marc:subfield code="a">58 Seiten</marc:subfield>
   </marc:datafield>
</marc:record>
